Normal view
MARC view
Entry Uniform Title
001 - CONTROL NUMBER
- control field: 17377
003 - CONTROL NUMBER IDENTIFIER
- control field: BD-RjUL
005 - DATE AND TIME OF LATEST TRANSACTION
- control field: 20251124103950.0
008 - FIXED-LENGTH DATA ELEMENTS
- fixed length control field: 251124|| aca||aabn | a|a d
040 ## - CATALOGING SOURCE
- Original cataloging agency: BD-RjUL
- Transcribing agency: BD-RjUL
130 ## - HEADING--UNIFORM TITLE
- Uniform title: Literature online
670 ## - SOURCE DATA FOUND
- Source citation: Work cat.: (BD-RjUL)21316: Wilde, Oscar, 1854-1900. 65906, Lady Windermere's fan :, 1996.